The structure and operation of the Japanese economy

Gespeichert in:
Bibliographische Detailangaben
1. Verfasser: Bieda, K.
Format: Buch
Sprache:Undetermined
Veröffentlicht: New York Wiley 1970
Schlagworte:
Tags: Tag hinzufügen
Keine Tags, Fügen Sie den ersten Tag hinzu!
Thư viện lưu trữ: Trung tâm Học liệu Trường Đại học Cần Thơ
LEADER 00474nam a2200181Ia 4500
001 CTU_86328
008 210402s9999 xx 000 0 und d
082 |a 330.952 
082 |b B586 
100 |a Bieda, K. 
245 4 |a The structure and operation of the Japanese economy 
245 0 |c K. Bieda 
260 |a New York 
260 |b Wiley 
260 |c 1970 
650 |a Economic conditions 
904 |i Năm 
980 |a Trung tâm Học liệu Trường Đại học Cần Thơ